Songs Named After A Woman - Statistics

General Stats
  • This quiz has been taken 86 times
    76 since last reset
  • The average score is 13 of 40
Answer Stats
Band/Artist Year Answer % Correct
Michael Jackson 1982 Billie Jean
91%
The Police 1978 Roxanne
77%
Dolly Parton 1973 Jolene
66%
Dexy's Midnight Runners 1982 Come On Eileen
54%
Plain White T's 2006 Hey There Delilah
51%
The Beatles 1966 Eleanor Rigby
48%
The Kinks 1970 Lola
48%
Neil Diamond 1969 Sweet Caroline
46%
Derek & The Dominos 1970 Layla
45%
Redbone 1970 Maggie
45%
Toto 1982 Rosanna
45%
Kim Carnes 1981 Bette Davis Eyes
40%
Ram Jam 1977 Black Betty
40%
The Knack 1979 My Sharona
40%
Laura Branigan 1982 Gloria
38%
Creedence Clearwater Revival 1968 Proud Mary
38%
Duran Duran 1982 Rio
38%
The Rolling Stones 1973 Angie
37%
Barry Manilow 1974 Mandy
29%
Fleetwood Mac 1975 Rhiannon
29%
Rod Stewart 1971 Maggie May
28%
Aerosmith 1989 Water Song / Janie's Got a Gun
28%
The Beatles 1967 Lucy in the Sky With Diamonds
26%
Looking Glass 1972 Brandy (You're A Fine Girl)
25%
Simon & Garfunkel 1968 Mrs Robinson
23%
Steve Winwood 1982 Valerie
23%
The Four Seasons 1962 Sherry
22%
Santana / The Product G&B 2001 Maria Maria
20%
Pure Prairie League 1972 Amie
18%
Shocking Blue 1969 Venus
17%
Cab Calloway 1931 Minnie The Moocher
15%
Dion DiMucci 1961 Runaround Sue
14%
Elton John 1973 Bennie and the Jets
12%
Creedence Clearwater Revival 1968 Suzie Q.
12%
The Ozark Mountain Daredevils 1974 Jackie Blue
11%
The Allman Brother's Band 1973 Jessica
8%
Bruce Springsteen 1973 Rosalita (Come Out Tonight)
8%
The Kinks 1969 Victoria
6%
The Turtles 1967 Elenore
2%
Boney M 1977 Ma Baker
2%
No matching quizzes found
Score Distribution
Percent of People with Each Score
Percentile by Number Answered
Your Score History
You have not taken this quiz since the last reset